Станции метро МЦК - Statistics

General Stats
  • This quiz has been taken 59 times
  • The average score is 18 of 31
Answer Stats
Answer % Correct
Москва-Сити
82%
ЗИЛ
80%
Площадь Гагарина
75%
Ботанический сад
75%
Лужники
73%
Измайлово
66%
Автозаводская
64%
Нижегородская
64%
Кутузовская
61%
Дубровка
61%
Локомотив
61%
Балтийская
59%
Стрешнево
59%
Шелепиха
59%
Верхние Котлы
57%
Зорге
57%
Крымская
55%
Угрешская
55%
Лихоборы
55%
Панфиловская
55%
Владыкино
52%
Окружная
52%
Хорошёво
52%
Новохохловская
50%
Бульвар Рокоссовского
50%
Соколиная Гора
48%
Ростокино
48%
Коптево
48%
Белокаменная
45%
Андроновка
39%
Сортировочная
5%
No matching quizzes found
Score Distribution
Percent of People with Each Score
Percentile by Number Answered
Your Score History
You have not taken this quiz